The noble scholar, jurist, historian


 His Excellency Dr. Abdul Wahhab bin Ibrahim Abu Sulaiman, may Allah have mercy on him.


 He was born in Umm Al-Qura in the year 1356 AH.

هذه الرسالة المسماة بإنذار الحاضر والباد عن كتابة اسم معظم على الكفن بما يثبت جرمه كالمداد (Record no. 14729)

MARC details
000 -LEADER
fixed length control field 01918cam a2200265 i 4500
003 - CONTROL NUMBER IDENTIFIER
control field OSt
005 - DATE AND TIME OF LATEST TRANSACTION
control field 20260405141015.0
008 - FIXED-LENGTH DATA ELEMENTS--GENERAL INFORMATION
fixed length control field 260331q19001999xx g 000 0 ara c
040 ## - CATALOGING SOURCE
Original cataloging agency SA-JeALM
Language of cataloging ara
Transcribing agency SA-RiAUC
Description conventions rda
082 04 - DEWEY DECIMAL CLASSIFICATION NUMBER
Classification number 252.27
Assigning agency SA-RiAUC
090 ## - LOCALLY ASSIGNED LC-TYPE CALL NUMBER (OCLC); LOCAL CALL NUMBER (RLIN)
Classification number (OCLC) (R) ; Classification number, CALL (RLIN) (NR) م ن 252.27
Local cutter number (OCLC) ; Book number/undivided call number, CALL (RLIN) ع ب د ح
100 1# - MAIN ENTRY--PERSONAL NAME
Personal name عبد الحميد قدس، عبد الحميد بن محمد علي قدس بن عبد القادر،
Dates associated with a name 1280-1335 هجري
Relator term مؤلف.
245 10 - TITLE STATEMENT
Title هذه الرسالة المسماة بإنذار الحاضر والباد عن كتابة اسم معظم على الكفن بما يثبت جرمه كالمداد
Remainder of title المتممة بمسئلة جواز الصلاة على الجنازة مالم يتحر بعد الصبح والعصر رجاء كثرة المصلين ازبادة الأجر ومسئلة الصلاة على الجنازة والميت مستلق على ظهره لا متوجها إلى القبلة كتوجهه في قبره
Statement of responsibility, etc. الشيخ عبدالحميد بن محمد علي قدس . ويليها الرسالة المسماة بالتحفة المرضية في جواز تفسير القرآن العظيم بالعجمية للمؤلف المذكور
246 ## - VARYING FORM OF TITLE
Title proper/short title انذار الحاضر والباد عن كتابة اسم معظم على الكفن ...
246 ## - VARYING FORM OF TITLE
Title proper/short title التحفة المرضية في جواز تفسير القرآن العظيم بالعجمية
264 #1 - PRODUCTION, PUBLICATION, DISTRIBUTION, MANUFACTURE, AND COPYRIGHT NOTICE
Place of production, publication, distribution, manufacture القاهرة :
Name of producer, publisher, distributor, manufacturer المطبعة الحميدية المصرية ،
Date of production, publication, distribution, manufacture, or copyright notice [1904]
300 ## - PHYSICAL DESCRIPTION
Extent 26 صفحة ؛
Dimensions 29 سم.
336 ## - CONTENT TYPE
Content type term نص
Content type code txt
Source rdacontent
Materials specified كتاب
337 ## - MEDIA TYPE
Media type term بدون وسيط
Media type code n
Source rdamedia
650 #7 - SUBJECT ADDED ENTRY--TOPICAL TERM
Topical term or geographic name entry element الجنائز (فقه إسلامي)
Source of heading or term aucsh
650 #7 - SUBJECT ADDED ENTRY--TOPICAL TERM
Topical term or geographic name entry element الميت
General subdivision تكفين
Source of heading or term aucsh
740 ## - ADDED ENTRY--UNCONTROLLED RELATED/ANALYTICAL TITLE
Uncontrolled related/analytical title التحفة المرضية في جواز تفسير القرآن العظيم بالعجمية
942 ## - ADDED ENTRY ELEMENTS (KOHA)
Source of classification or shelving scheme Dewey Decimal Classification
Koha item type كتاب مصور نادر
Suppress in OPAC No
949 ## - LOCAL PROCESSING INFORMATION (OCLC)
a SA-JeALM
d 260331
u osman123
n 1
Holdings
Withdrawn status Lost status Source of classification or shelving scheme Damaged status Not for loan Home library Current library Date acquired Total checkouts Full call number Barcode Date last seen Price effective from Koha item type
    Dewey Decimal Classification     DR AbdElwahab Library DR AbdElwahab Library 04/05/2026   م ن 252.27 ع ب د ح 000023274 04/05/2026 04/05/2026 كتاب مصور نادر
    Dewey Decimal Classification     DR AbdElwahab Library DR AbdElwahab Library 04/05/2026   م ن 252.27 ع ب د ح 000023275 04/05/2026 04/05/2026 كتاب مصور نادر